Statistics for Formula 1: Drivers with the Highest Fastest Lap Percentage

Click here to take the quiz!

General Stats

  • This quiz has been taken 182 times
    (159 since last reset)
  • The average score is 23 of 27

Answer Stats

Fastest lap %DriverActive yearsCountry% Correct
11.8%Ayrton Senna1984-1994Brazil
99%
45.1%Juan Manuel Fangio1950-1951, 1953-1958Argentina
99%
18.3%Lewis Hamilton2007-United Kingdom
99%
25.2%Michael Schumacher1991-2006,2010-2012Germany
99%
16.6%Kimi Räikkönen2001-2009, 2012-Finland
98%
16.7%Sebastian Vettel2007-Germany
98%
20.6%Alain Prost1980-1991, 1993France
97%
14.0%Niki Lauda1971-1979, 1982-1985Austria
96%
12.8%Juan Pablo Montoya2001-2006Colombia
94%
15.5%Mika Häkkinen1991-2001Finland
94%
37.5%Alberto Ascari1950-1955Italy
93%
16.5%Damon Hill1992-1999United Kingdom
91%
11.9%Gilles Villeneuve1977-1982Canada
91%
12.5%Phil Hill1958-1964, 1966United States
91%
11.3%Nelson Piquet1978-1991Brazil
88%
16.0%Nigel Mansell1980-1992, 1994-1995United Kingdom
88%
15.2%Jackie Stewart1965-1973United Kingdom
87%
38.9%Jim Clark1960-1968United Kingdom
87%
15.2%Nino Farina1950-1955Italy
87%
10.0%Gerhard Berger1984-1997Austria
83%
12.3%Jacky Ickx1967-1979Belgium
79%
28.8%Stirling Moss1951-1961United Kingdom
78%
11.2%Alan Jones1975-1981, 1983, 1985-1986Australia
77%
13.3%Mike Hawthorn1952-1958United Kingdom
75%
11.4%Clay Regazzoni1970-1980Switzerland
74%
23.1%José Froilán González1950-1957, 1960Argentina
59%
10.0%Ludovico Scarfiotti1963-1968Italy
21%

Score Distribution

Percentile by Number Answered

Percent of People with Each Score

Your Score History

You have not taken this quiz since the last reset